LIBRARY & INFORMATION CENTRE, KCAET, TAVANUR

ONLINE PUBLIC ACCESS CATALOGUE (OPAC)

Stories for young and old:An anthology / (Record no. 4303)

MARC details
000 -LEADER
fixed length control field 00462cam a2200181ua 4500
041 ## - LANGUAGE CODE
Language code of text/sound track or separate title eng
082 ## - DEWEY DECIMAL CLASSIFICATION NUMBER
Classification number 823.301
Item number BAL/ST
100 ## - MAIN ENTRY--AUTHOR NAME
Personal name Balakrishnan, T K .
245 ## - TITLE STATEMENT
Title Stories for young and old:An anthology /
260 ## - PUBLICATION, DISTRIBUTION, ETC. (IMPRINT)
Place of publication Cochin :
Name of publisher Paico Publishing House ,
Year of publication 1968.
300 ## - PHYSICAL DESCRIPTION
Number of Pages 107 ; .
942 ## - ADDED ENTRY ELEMENTS (KOHA)
Koha item type Books
Holdings
Withdrawn status Lost status Damaged status Home library Current library Date acquired Full call number Accession Number Koha item type
Withdrawn     KAUAET KAUAET 07/04/2012 823.301 12475 Books
Withdrawn     KAUAET Sanskrit University 07/04/2012 823.301 12477 Books
free website counter